Quizzes
Events
Quiz Creation
Community
Videos
Private Events
Remove Ads
Sign In
Join for FREE
Feedback
Dark Mode
Quiz Categories
Sports
Geography
Music
Movies
Television
Just For Fun
Miscellaneous
History
Literature
Language
Science
Gaming
Entertainment
Religion
Holiday
For Kids
Quiz Lab
Recent
Popular Today
Quiz Kudos Today
Editor Picks
Curator Picks
Quizzes by...
Day
Popularity
Type
Ratings
Length
Year
Community
Subscriptions
Recent Discussions
Orange Saloon
Badges
Playlists
Quests
Create
Leaderboards
Showdown
Live 5
Trivia Bingo
Activity
Puzzle Library
Sporcle Events
Private Events
Virtual Trivia
Globe League
Become a Host
Pub Owners
SporcleCon
Opinionation
Our Games
Videos
Blog
Mobile Apps
Partnerships
Remove Ads and Go Orange
Feedback
Gaming
Video Games
Board Games
Card Games
Pokémon
Mario
Nintendo
Minecraft
Console
Toys
Legend of Zelda
Gaming
Video Games
Board Games
Card Games
Pokémon
Mario
Nintendo
Minecraft
Console
Toys
Legend of Zelda
Random Quiz
Search Sporcle
×
Quiz Lab
Quiz Lab
Gaming
Villains
Type in answers that appear in a list
Type in answers that appear in a list
Classic
Best Score? Go Orange.
Video Game Villains Stats
Can you name the main villains in the listed games?
By
tedthefed
7m
22 Questions
259 Plays
259 Plays
259 Plays
Comments
Comments
Give Quiz Kudos
Give Quiz Kudos
-
- Ratings
hide this ad
Random Order
Randomize order of answers
Randomize order of answers
Replay
Link that replays current quiz
Next Quiz
Link to next quiz in quiz playlist
You Got
0%
They Got
Avg Score
28%
Avg Friend Score
Upgrade to see
Score Distribution
Jump to the score distribution portion of the page
Score
0/22
Timer
07:00
0
Plays Today
game
Main villain
% Correct
Sonic the Hedgehog
Dr. Robotnik
86.1%
Castlevania
Dracula
69.5%
Portal
GLaDOS
60.6%
Bioshock
Andrew Ryan or Frank Fontaine
46.7%
Ms. Pac-
Man
Inky Blinky Pinky or Sue
45.2%
Super Mario Bros. 2 (USA)
Wart
44.8%
EarthBound
Giygas
39.4%
The Secret of Monkey Island
Ghost Pirate LeChuck
34.4%
Star Wars: Knights of the Old Republic
Darth Malak
30.9%
Mortal Kombat 3
Shao Kahn
30.1%
Final Fantasy VIII
Ultimecia
23.9%
game
Main villain
% Correct
Ratchet and Clank: Up Your Arsenal
Dr. Nefarious
22%
System Shock 2
Shodan or The Many
20.5%
Okami
Yami
15.1%
Parasite Eve
Mitochondria Eve
14.3%
Contra
Red Falcon
13.1%
Fable
Jack of Blades
10.8%
Silent Hill 3
God
8.1%
Clayfighter
N Boss
6.6%
Samurai Shodown
Amakusa
3.1%
ActRaiser
Tanzra
1.9%
Quest for Glory I: So You Want to Be a Hero
Baba Yaga
1.5%
Quiz Playlist
Details
Report
Send in Message
Add To Playlist
Classic:
Type in answers that appear in a list
Random Order:
Randomize order of answers
Last Updated: Feb 16, 2017
Quiz Scoreboard
CHALLENGE
Sign Up to Join the Scoreboard
Show All
Scores
Hide
Comments
May contain spoilers
Recently Published
1-10 Letter E Words III
by El_Dandy
Language
2m
One Thing in Common: World Cities II
by knightlancer
Geography
7m
Popular People in 1961
by mucciniale
History
6m
More to Explore
Quiz From the Vault
Featured Blog Post
Where Did the Easter Bunny Come From?
hide this ad
You Might Also Like...
Tags
Video
Villains
Today's Top Quizzes in Gaming
Browse Gaming
hide this ad
Today's Top Quizzes in Villains
Browse Villains
Top Contributed Quizzes in Gaming
1
Destiny 2 exotic weapons by perk icons
2
Who's on the WWE 2K24 Cover?
3
Windmill: Pokémon
4
Genshin Impact Logic Puzzle
5
Overwatch 2: Ultimate Ability Icons
6
Overwatch 2 Heroes by Selection Quote
7
Genshin murder mystery
8
Legendary or Exotic?
9
Overwatch Logic Puzzle
10
Genshin Impact Logic Puzzle Quiz II
Explore More
Trending Topics
Anime
Kpop
Crossword
NBA
Disney
Marvel
Harry Potter
WWE
Soccer
NFL
Puzzle
Song
Pokémon
The Office
Country
hide this ad
More By:
tedthefed
Quiz
Plays
Rating
Category
Featured
Created
Songs That Aren't Really About Ducks
29,947
3.81
Music
Nov 15, 2010
The Simpsons Did It!
25,276
4.58
Television
May 28, 2011
TV Intros Lost In Translation
2,983
4.21
Television
Nov 15, 2009
Paste Magazine's 100 Greatest Living Songwriters
2,507
4.94
Music
Oct 21, 2013
Foley fun
1,971
4.00
Movies
Jul 24, 2013
Go to Creator's Profile
Score Distribution
Quiz Creator Spotlight
tedthefed
Follow
Send a Message
Quizzes Created
-
Created Quiz Play Count
-
More By This Creator
Popular Quizzes Today
1
Find the US States - No Outlines Minefield
2
The Countries of the World
3
Popular People in 1961
4
Find the Countries of Europe - No Outlines Minefield
5
1-10 Letter E Words III
6
Find the US States
7
One Thing in Common: World Cities II
8
US States
More Gaming Quizzes
Spyro the Dragon: Magic Crafters Maps
Quiz Lab
Trending Quizzes
1-10 Letter F Words
One Thing in Common: Music
1-10 Letter G Words
Risky Map Clicking: Next State Alphabetically
1-10 Letter F Words II
Recently Updated
Leaping Animals
pecheneg
Reality TV Shows (A-Z)
bhenderson79
Rickey Henderson's Hall of Fame Teammates
pecheneg
Champions League XIs: Arsenal
pecheneg
Quick Pick: Celebrities in WWE's Hall of Fame
aduchscher
A-Z Keypad Blitz II
pecheneg
Multiple Oscar Actors
pecheneg
Mystery Phrase Blitz: Oscar 'Best Actors'
pecheneg
F. Scott Fitzgerald Novels
LTH
Pick 3 Villains
ddd62291
Trending Topics
Kpop
Harry Potter
NBA
Marvel
Anime
Disney
Crossword
The Office
Puzzle
WWE
Country
Pokémon
Soccer
NFL
Song
Your Account Isn't Verified!
In order to create a playlist on Sporcle, you need to verify the email address you used during registration. Go to your
Sporcle Settings
to finish the process.
Report this User
Report this user for behavior that violates our
Community Guidelines
.
Details:
Send Report
Go to the Sporcle.com Mobile Site →
Comments